[Event "Wch FIDE Online U14 Girls Asia qual"]
[Site "Tornelo INT"]
[Date "2020.12.13"]
[Round "6"]
[White "Chong, Kai Ni Agnes"]
[Black "Karataikyzy, Meirzhan"]
[Result "0-1"]
[WhiteElo "1892"]
[BlackElo "1683"]
[PlyCount "96"]
[EventDate "2020.12.11"]
[EventType "swiss (rapid)"]
[EventRounds "7"]
[EventCountry "ISS"]
[SourceTitle "EXT 2022"]
[Source "ChessBase"]
[SourceDate "2021.10.06"]
[SourceVersion "1"]
[SourceVersionDate "2021.10.06"]
[SourceQuality "1"]

1. d4 Nf6 2. c4 e6 3. g3 Bb4+ 4. Nd2 Nc6 5. Ngf3 0-0 6. Bg2 d6 7. 0-0 Bxd2 8. Bxd2 e5 9. dxe5 dxe5 10. Qc2 Qe7 11. Bc3 Re8 12. Rfd1 g6 13. Rac1 Bf5 14. Qb3 Rab8 15. e3 Be4 16. h4 h5 17. Ng5 Bxg2 18. Kxg2 Qc5 19. Qb5 Qe7 20. c5 a6 21. Qb3 Rf8 22. Bd2 Ng4 23. f3 Nf6 24. Be1 e4 25. f4 Ng4 26. Bf2 Kg7 27. Qc4 Rfe8 28. b4 f6 29. Nh3 a5 30. b5 Nb4 31. a3 Nd3 32. Rc2 Ndxf2 33. Re2 Nxh3 34. Kxh3 Rbd8 35. Rd5 Rxd5 36. Qxd5 Rd8 37. Qxb7 Qd7 38. Kg2 Qd3 39. Qxc7+ Rd7 40. Qxd7+ Qxd7 41. c6 Qd5 42. c7 Qd7 43. b6 f5 44. Rb2 Nxe3+ 45. Kf2 Nc4 46. Rb5 Qd2+ 47. Kg1 Ne3 48. c8Q Qg2# 0-1

[Event "Wch U10 Girls"]
[Site "Batumi"]
[Date "2016.10.24"]
[Round "6.5"]
[White "Nadzamova, Viktoria"]
[Black "Karataikyzy, Meirzhan"]
[Result "1-0"]
[WhiteElo "1743"]
[BlackElo "1440"]
[PlyCount "57"]
[EventDate "2016.10.19"]
[EventType "swiss"]
[EventRounds "11"]
[EventCountry "GEO"]
[SourceTitle "EXT 2018"]
[Source "ChessBase"]
[SourceDate "2017.10.13"]
[SourceVersion "1"]
[SourceVersionDate "2017.10.13"]
[SourceQuality "1"]

1. e4 c5 2. Nf3 Nc6 3. d4 cxd4 4. Nxd4 Nf6 5. Nc3 d6 6. f3 Bd7 7. Be3 a6 8. Qd2 e6 9. 0-0-0 Be7 10. Kb1 b5 11. g4 b4 12. Nce2 Rb8 13. g5 Ng8 14. f4 e5 15. Nf5 Bxf5 16. exf5 a5 17. Bg2 Qc7 18. Qd5 Rc8 19. Rd2 a4 20. Qb5 a3 21. Rhd1 Kf8 22. Bb6 Rb8 23. Bxc7 Rxb5 24. Bxc6 Rc5 25. Bxd6 Rxc6 26. Bxe7+ Kxe7 27. Rd7+ Ke8 28. Rd8+ Ke7 29. R1d7# 1-0

[Event "Wch U10 Girls"]
[Site "Batumi"]
[Date "2016.10.20"]
[Round "2"]
[White "Karataikyzy, Meirzhan"]
[Black "Fizerova, Lucie"]
[Result "1-0"]
[WhiteElo "1440"]
[BlackElo "1296"]
[PlyCount "89"]
[EventDate "2016.10.19"]
[EventType "swiss"]
[EventRounds "11"]
[EventCountry "GEO"]
[SourceTitle "EXT 2018"]
[Source "ChessBase"]
[SourceDate "2017.10.13"]
[SourceVersion "1"]
[SourceVersionDate "2017.10.13"]
[SourceQuality "1"]

1. e4 c5 2. c3 d5 3. exd5 Qxd5 4. d4 Nf6 5. Nf3 Bg4 6. Be2 cxd4 7. cxd4 Nc6 8. Nc3 Qd8 9. Be3 e6 10. h3 Bh5 11. 0-0 Be7 12. Re1 0-0 13. Ne5 Bg6 14. Nxc6 bxc6 15. Bf3 Nd5 16. Nxd5 cxd5 17. Rc1 Rb8 18. Qe2 Bf6 19. b3 Qb6 20. Red1 Rfc8 21. Bf4 Rxc1 22. Rxc1 Re8 23. Be5 Bxe5 24. Qxe5 Qb4 25. Qc7 Qa3 26. Rc5 Qxa2 27. Qd7 Rf8 28. Rc8 Qa3 29. Rxf8+ Qxf8 30. Qxa7 h6 31. Qc5 Qxc5 32. dxc5 Kf8 33. b4 Bd3 34. Bd1 Bb5 35. f4 Ke7 36. Kf2 d4 37. Be2 d3 38. Bf3 Kd7 39. Ke3 f6 40. Be4 d2 41. Kxd2 g5 42. fxg5 hxg5 43. g3 f5 44. Bd3 Kc6 45. Bxb5+ 1-0